00921nam a2200217 a 4500003000800000005001700008008004100025035001400066040003500080041000800115082002200123100001700145245017700162260008900339300003900428502009700467504003200564650002400596700004300620700004000663BD-RjUL20231108150408.0231108s2021 bg a|||| m||| 00| 0 eng d a(BD-RjUL) aBD-RjULbengcBD-RjULdBD-RjUL aeng 223a530bARC 2021 aAra, Rawshan10aChallenges in Studying Physics Without Mathematics at Higher Secondary Level /cBy, Rawshan, Ara ;6Supervisor : Abul Kalam Fazlul Haque, Co-Supervisor : S M Hafizur Rahman aRajshahi :bInstitute of Education and Research (IER), University of Rajshahi,c2021 axxii, 224 Leaves :bill, ;c29 cm. aThesis (M. Phil.) -- Institute of Education and Research (IER), University of Rajshahi, 2021 aReferences : Leaves 219-224 aPhysicsxChallenges aHaque, Abul Kalam Fazlul, Supervisor  aRahman, S M Hafizur, Co-Supervisor